Normal view
MARC view
- Inc. American History Publications
Entry Personal Name
001 - CONTROL NUMBER
- control field: 134406
003 - CONTROL NUMBER IDENTIFIER
- control field: NUST
005 - DATE AND TIME OF LATEST TRANSACTION
- control field: 20260511183247.0
008 - FIXED-LENGTH DATA ELEMENTS
- fixed length control field: 260511|| aca||aabn | a|a d
040 ## - CATALOGING SOURCE
- Original cataloging agency: NUST
- Transcribing agency: NUST
100 ## - HEADING--PERSONAL NAME
- Personal name: Inc. American History Publications
670 ## - SOURCE DATA FOUND
- Source citation: Work cat.: (NUST): Inc. American History Publications., MHQ: The Quarterly Journal of Military History /, 1997.
